Valid Medical Conditions - Sudden Death - Statistics

General Stats
  • This quiz has been taken 865 times
  • The average score is 12 of 20
Answers on the Grid
Answers color-coded by a green-red scale on the quiz's grid according to % correct below.
Focal Epilepsy
Multiple Sclerosis
Plaque Psoriasis
Osteoarthritis
Bipolar Disorder
Chronic Lymphocytic Leukemia
Rheumatoid Arthritis
Hepatitis C
Rabies
Smallpox
Pink Eye
Phacoemulsification
Posterior Subcapsular Cataract
AIDS
Scoliosis
Myopia
Congestive Heart Failure
Chronic Pancreatitis
External Otitis
Hemiplegia
Kawasaki Disease
Ultradian Narcolepsy
Photonic Retinal Rejection
Blister Syncope
Mitochondrial Fugue State
Doodle Plague
Bilateral Phantom Itch
Cerebral Hemispheric Dissonance
Neurodegenerative Memory Redundancy
Metabolic Paradoxosis
Jejunum Fracture
 
Answer Stats
Answer % Correct
AIDS
88%
Rabies
82%
Scoliosis
82%
Smallpox
81%
Bipolar Disorder
79%
Hepatitis C
79%
Multiple Sclerosis
74%
Rheumatoid Arthritis
69%
Myopia
65%
Pink Eye
64%
Osteoarthritis
63%
Chronic Pancreatitis
61%
Congestive Heart Failure
61%
Chronic Lymphocytic Leukemia
55%
Kawasaki Disease
43%
Focal Epilepsy
39%
Plaque Psoriasis
32%
Hemiplegia
31%
External Otitis
18%
Posterior Subcapsular Cataract
14%
No matching quizzes found
Score Distribution
Percent of People with Each Score
Percentile by Number Answered
Your Score History
You have not taken this quiz